Guess The Lyrics 1970s song - Statistics

General Stats
  • This quiz has been taken 38 times
  • The average score is 48 of 185
Answer Stats
Answer % Correct
a
100%
I
100%
you
100%
the
93%
he
82%
and
68%
your
68%
for
64%
hear
64%
to
64%
in
61%
who
61%
was
50%
Ho
46%
not
43%
of
43%
like
39%
with
39%
at
36%
from
36%
him
36%
his
29%
I'd
29%
night
21%
out
21%
saw
21%
well
21%
get
18%
got
18%
Lon
18%
stay
18%
he'll
14%
he's
14%
lady
14%
let
14%
place
14%
around
11%
away
11%
been
11%
better
11%
doin'
11%
little
11%
looking
11%
through
11%
again
7%
big
7%
door
7%
gonna
7%
hair
7%
old
7%
rain
7%
ran
7%
rip
7%
walkin'
7%
ah-hoo
4%
amok
4%
beef
4%
blood
4%
called
4%
Chaney
4%
Chinese
4%
chow
4%
colada
4%
dish
4%
draw
4%
drinkin'
4%
Fook's
4%
gent
4%
hairy-handed
4%
hands
4%
howlin'
4%
huh
4%
Jim
4%
Junior
4%
Kent
4%
kitchen
4%
last
4%
late
4%
lately
4%
Lee
4%
London
4%
lungs
4%
Mayfair
4%
meet
4%
mein
4%
menu
4%
mutilated
4%
overheard
4%
perfect
4%
pina
4%
Queen
4%
SoHo
4%
streets
4%
tailor
4%
Trader
4%
Vic's
4%
walking
4%
werewolf
4%
werewolves
4%
No matching quizzes found
Score Distribution
Percent of People with Each Score
Percentile by Number Answered
Your Score History
You have not taken this quiz